Você Consegue Acertar as 10 Menores Cidades (Área) De Santa Catarina? - Statistics

Estatísticas Gerais
  • Esse quiz foi jogado 41 vezes
  • A pontuação média é 3 de 10
Estatísticas das Respostas
Resposta Área % Correto
2. Balneário Camboriú 45.12 KM
74%
1. Bombinhas 35.14 KM
70%
6. Penha 57.75 KM
41%
7. Itapema 58.21 KM
33%
3. Capivari de Baixo 53.22 KM
26%
5. Tigrinhos 56.96 KM
22%
4. Cunhataí 54.81 KM
15%
8. Flor do Sertão 58.45 KM
15%
9. Pinheiro Preto 61.01 KM
7%
10. Maracajá 62.90 KM
4%
Nenhum quiz correspondente encontrado
Distribuição das Pontuações
Porcentagem de Pessoas com Cada Pontuação
Percentil de Números Respondidos
Sua Pontuação Histórica
Você não jogou esse quiz